Movies Quiz

Random Movies or Halloween Quiz

Was I in Halloween? Quiz Stats

 Plays Quiz Updated Oct 19, 2018

Score 0/10 Timer 04:00
6 Plays Today
% Correct
Jamie Lee Curtis
92.2%
Josh Hartnett
73.8%
Busta Rhymes
70.2%
Malcolm McDowell
69.4%
Joseph Gordon-Levitt
65.2%
Janet Leigh
65.1%
LL Cool J
64.4%
Michelle Williams
64.2%
Paul Rudd
59.2%
Tyra Banks
55.8%

You're not logged in!

Compare scores with friends on all Sporcle quizzes.
OR
Log In

Sporcle TV

Today on Sporcle TV


Watch our educational content, quiz creation guides, and fun videos on Sporcle TV.

Show Comments

Extras

Top Quizzes Today


Score Distribution

Your Account Isn't Verified!

In order to create a playlist on Sporcle, you need to verify the email address you used during registration. Go to your Sporcle Settings to finish the process.

Report this User

Report this user for behavior that violates our Community Guidelines.

Details: